Rangers all! : a catalog and check list /

Bibliographic Details
Main Author: Dykes, Jeff, 1900-
Format: Book
Language:English
Published: College Park, Md. : Jeff Dykes/Western Books, [1969?]
Subjects:

MARC

Tag First Indicator Second Indicator Subfields
LEADER 00000cam a2200000 i 4500
001 in00000057749
005 20230427211501.5
008 791219s1969 mdu c 000 0 eng d
035 |a (OCoLC)05813799 
035 |9 AAG0968AM 
040 |a USD  |c USD  |d TXA  |d UtOrBLW 
049 |a TXAM [Also in] [Sp Coll]  |c 1 [271527]  |a TXAS  |c 2 [1700065] 
090 |a F591  |b .D95 
100 1 |a Dykes, Jeff,  |d 1900- 
245 1 0 |a Rangers all! :  |b a catalog and check list /  |c by Jeff Dykes. 
264 1 |a College Park, Md. :  |b Jeff Dykes/Western Books,  |c [1969?] 
300 |a 150 pages ;  |c 24 cm. 
336 |a text  |b txt  |2 rdacontent 
337 |a unmediated  |b n  |2 rdamedia 
338 |a volume  |b nc  |2 rdacarrier 
500 |a The Cushing Library/Chapman Texas Collection copy is part of the Floyd & Louise Chapman Texas & Borderlands Collection.  |5 TXA 
500 |a "Limited edition of 100 copies bound in cloth and signed by the compiler." Numbers 71, E. 
500 |a Consists of catalog 3, pt. 1; catalog 4, pt. 2; catalog 7, pt.3; catalog 8, pt.4; and catalog 9, pt.5. 
500 |a The Cushing Library/Dykes Collection copy is a gift of Martha Dykes Goldsmith. It is inscribed by Jeff Dykes: "For Little Sug & Art - a minor addition to a private collector's shelf but good for dealers and acquisition librarians - Daddy". 
650 0 |a Frontier and pioneer life  |z West (U.S.)  |x Bibliography  |x Catalogs. 
651 0 |a West (U.S.)  |x Bibliography  |x Catalogs. 
999 |a MARS 
999 f f |s 07285652-c2ff-379e-bb24-583dd790155f  |i 6b3c11a8-06ad-3694-963c-210d95e9bed5  |t 0 
952 f f |p normal  |a Texas A&M University  |b College Station  |c Sterling C. Evans Library  |d Evans: Library Stacks  |t 0  |e F591 .D95  |h Library of Congress classification  |i unmediated -- volume  |m A14800340114 
952 f f |p normal  |a Texas A&M University  |b College Station  |c Sterling C. Evans Library  |d Evans: Library Stacks  |t 0  |e F591 .D95  |h Library of Congress classification  |i unmediated -- volume  |m A14807815209 
952 f f |p noncirc  |a Texas A&M University  |b College Station  |c Cushing Memorial Library & Archives  |d Cushing: Chapman Texas Collection (Does not check out)  |t 0  |e F591 .D95  |h Library of Congress classification  |i unmediated -- volume 
952 f f |p noncirc  |a Texas A&M University  |b College Station  |c Cushing Memorial Library & Archives  |d Cushing: Dykes (Does not check out)  |t 0  |e F591 .D95  |h Library of Congress classification  |i unmediated -- volume  |m A1485297093F 
998 f f |a F591 .D95  |t 0  |l Evans: Library Stacks 
998 f f |a F591 .D95  |t 0  |l Evans: Library Stacks 
998 f f |a F591 .D95  |t 0  |l Cushing: Chapman Texas Collection (Does not check out) 
998 f f |a F591 .D95  |t 0  |l Cushing: Dykes (Does not check out)